Famous People with Moustaches - Statistics

General Stats
  • This quiz has been taken 34 times
  • The average score is 10 of 20
Answer Stats
Picture Answer % Correct
Charlie Chaplin
97%
Freddie Mercury
91%
Salvador Dali
79%
Hulk Hogan
76%
Theodore Roosevelt
67%
George Harrison
64%
Tom Selleck
64%
Groucho Marx
55%
Lionel Ritchie
55%
Richard Pryor
55%
Burt Reynolds
48%
Sammy Davis Jr.
48%
Steve Harvey
48%
David Crosby
33%
Sam Elliot
27%
Richard Petty
21%
John Astin
18%
Rollie Fingers
18%
Sherman Hemsley
18%
Lanny McDonald
0%
No matching quizzes found
Score Distribution
Percent of People with Each Score
Percentile by Number Answered
Your Score History
You have not taken this quiz